000 00588nam a2200193Ia 4500
003 GCL
008 140319s9999 xx 000 0 ara d
040 _aGCL /
_cGCL
082 0 4 _a216
_bح غ
100 1 _aحامد سليمان
245 1 0 _aالغام فى طريق الصحوة الاسلامية /
_cحامد سليمان
260 _a[S.N] :
_bالزهراء للاعلام العربى ،
_c1989
300 _a398 ص
490 _a
650 0 4 _aالارهاب
650 0 4 _aالاسلام والاقتصاد
650 0 4 _aالاسلام والسياسة
942 _2ddc
_cBK
999 _c38780
_d38780